[Event "NK C Meisjes"]
[Site "Chess.com"]
[Date "2020.05.01"]
[Round "5"]
[White "Pereira Garza, Cecilia"]
[Black "Gergin, Isafara"]
[Result "1-0"]
[WhiteElo "1612"]
[BlackElo "1296"]
[PlyCount "93"]
[EventDate "2020.??.??"]

1. d4 Nf6 2. c4 g6 3. Nc3 Bg7 4. e4 d6 5. f4 O-O 6. Nf3 Nbd7 7. e5 dxe5 8. fxe5
Ne8 9. Bf4 e6 10. Be2 f6 11. O-O fxe5 12. Bxe5 Nxe5 13. dxe5 Bd7 14. Ne4 c6 15.
Nc5 Rf7 16. Nxb7 Qb6+ 17. Kh1 Qxb7 18. b3 Qc7 19. Qd4 c5 20. Qe4 Bc6 21. Qe3
Bxf3 22. Bxf3 Rd8 23. Bg4 Rxf1+ 24. Rxf1 Qxe5 25. Bxe6+ Kh8 26. Rf8+ Bxf8 27.
Qxe5+ Bg7 28. Qe1 Nf6 29. h3 h6 30. Qa5 Re8 31. Bd5 Nxd5 32. cxd5 Rf8 33. Qxc5
Be5 34. Qxf8+ Kh7 35. d6 Bxd6 36. Qxd6 g5 37. Qe6 g4 38. hxg4 h5 39. gxh5 a5
40. a4 Kh8 41. Qe7 Kg8 42. Kh2 Kh8 43. Kg3 Kg8 44. Kg4 Kh8 45. Kg5 Kg8 46. Kg6
Kh8 47. Qf8# 1-0

[Event "NK C Meisjes"]
[Site "Chess.com"]
[Date "2020.05.01"]
[Round "5"]
[White "Maris, Evi"]
[Black "Damen, Josephine"]
[Result "1-0"]
[WhiteElo "1526"]
[BlackElo "1206"]
[PlyCount "55"]
[EventDate "2020.??.??"]

1. e4 e5 2. Nf3 Nc6 3. Bc4 Nf6 4. Nc3 Nxe4 5. Nxe4 d5 6. Bxd5 Qxd5 7. Nc3 Qd8
8. O-O Bg4 9. h3 Bh5 10. Re1 Bd6 11. g4 Bg6 12. d4 Qe7 13. dxe5 Bxe5 14. Bf4 f6
15. g5 Rd8 16. Qe2 Bh5 17. Qe3 Bxf3 18. Qxf3 Nd4 19. Qe4 Nc6 20. Rad1 Rxd1 21.
Rxd1 O-O 22. g6 Bxf4 23. gxh7+ Kh8 24. Qxf4 g5 25. Qf5 Nd4 26. Rxd4 Rf7 27. Qg6
Rxh7 28. Re4 1-0

[Event "NK C Meisjes"]
[Site "Chess.com"]
[Date "2020.05.01"]
[Round "5"]
[White "Maris, Lauri"]
[Black "Feng, Elysia"]
[Result "1-0"]
[WhiteElo "1671"]
[BlackElo "1293"]
[PlyCount "107"]
[EventDate "2020.??.??"]

1. e4 e5 2. Nf3 Nc6 3. Bb5 a6 4. Bxc6 dxc6 5. Nc3 Bg4 6. h3 Bh5 7. d3 Bd6 8.
Be3 Nf6 9. Bg5 h6 10. Bh4 g5 11. Bg3 Qe7 12. Qe2 Nd7 13. O-O-O O-O-O 14. Kb1
Bb4 15. Qe1 Rhf8 16. Rc1 Rde8 17. Ng1 f5 18. exf5 Rxf5 19. f3 Nb6 20. Nge2 Qf8
21. Qg1 Bc5 22. Bf2 Bxf2 23. Qxf2 Bg6 24. Qe1 Qc5 25. Ne4 Qb5 26. N2c3 Qb4 27.
a3 Qf8 28. Rf1 Rf7 29. Rh1 Rf4 30. Rf1 Rf7 31. Rd1 Rd8 32. Qe2 Nd5 33. Nxd5
cxd5 34. Nd2 Re7 35. Rfe1 Re6 36. Qf2 Rf6 37. Rxe5 Qd6 38. Ree1 Rdf8 39. Qe2
Kb8 40. Nb3 Ka7 41. Qe3+ b6 42. Qe7 Qc6 43. Nd4 Qb7 44. Re6 R6f7 45. Nc6+ Ka8
46. Qb4 Rf6 47. Rxf6 Rxf6 48. Ne5 Be8 49. Re1 Re6 50. Ng4 Rxe1+ 51. Qxe1 Qc8
52. Qe5 h5 53. Nf6 Qd8 54. Qxe8 1-0

[Event "NK C Meisjes"]
[Site "Chess.com"]
[Date "2020.05.01"]
[Round "5"]
[White "Honkoop, Stella"]
[Black "Huang, Luna"]
[Result "1-0"]
[WhiteElo "1255"]
[BlackElo "1162"]
[PlyCount "39"]
[EventDate "2020.??.??"]

1. d4 d5 2. Bf4 Nf6 3. e3 e6 4. Nf3 c5 5. c3 Nc6 6. Nbd2 Bd6 7. Bg3 O-O 8. Ne5
Bd7 9. Bd3 Ne7 10. h4 Nf5 11. Bf4 cxd4 12. exd4 Ne8 13. g4 Nxh4 14. Bg3 Ng6 15.
Qc2 Qf6 16. Nxd7 Qg5 17. Bxd6 Nxd6 18. Nxf8 Rxf8 19. O-O-O Qxg4 20. Rdg1 1-0

[Event "NK C Meisjes"]
[Site "Chess.com"]
[Date "2020.05.01"]
[Round "5"]
[White "Cordes, Jule"]
[Black "Venema, Katja"]
[Result "1-0"]
[WhiteElo "1741"]
[BlackElo "1599"]
[PlyCount "83"]
[EventDate "2020.??.??"]

1. d4 d5 2. c4 c6 3. Nc3 Nf6 4. Nf3 Bg4 5. cxd5 cxd5 6. Qb3 Qb6 7. Nxd5 Qa5+ 8.
Nc3 Qb6 9. Qxb6 axb6 10. Bf4 Nc6 11. e3 Nb4 12. Bb5+ Kd8 13. O-O Bxf3 14. gxf3
e6 15. a3 Nbd5 16. Nxd5 Nxd5 17. Bg3 Ra5 18. Bc4 Be7 19. Rac1 Kd7 20. e4 Nf6
21. Bb3 Rc8 22. Rxc8 Kxc8 23. Rc1+ Kd8 24. Ba2 Rb5 25. b4 Nh5 26. Bc7+ Kd7 27.
Bc4 Rg5+ 28. Bg3 Nxg3 29. fxg3 e5 30. d5 f5 31. Bf1 fxe4 32. fxe4 Rg4 33. Bh3
h5 34. Bxg4+ hxg4 35. Kg2 Bg5 36. Rc2 b5 37. h3 gxh3+ 38. Kxh3 g6 39. Kg4 Bf6
40. Rc5 b6 41. Rc6 Bd8 42. Rxg6 1-0

[Event "NK C Meisjes"]
[Site "Chess.com"]
[Date "2020.05.01"]
[Round "6"]
[White "Pereira Garza, Cecilia"]
[Black "Cordes, Jule"]
[Result "1-0"]
[WhiteElo "1623"]
[BlackElo "1639"]
[PlyCount "119"]
[EventDate "2020.??.??"]

1. d4 d5 2. c4 c6 3. cxd5 cxd5 4. Nc3 Nc6 5. Bf4 Nf6 6. e3 Bf5 7. Qb3 Qd7 8.
Nf3 a6 9. Ne5 Na5 10. Nxd7 Nxb3 11. Nxf6+ exf6 12. axb3 Bb4 13. Be2 O-O 14. O-O
Rfd8 15. Bf3 Be6 16. Rfc1 g5 17. Bg3 g4 18. Be2 h5 19. Na4 Kg7 20. Nc5 Bc8 21.
Ra4 a5 22. Rca1 b6 23. Rxb4 bxc5 24. dxc5 Ba6 25. Rba4 Bxe2 26. Rxa5 Rac8 27.
b4 Bd3 28. f3 f5 29. fxg4 fxg4 30. Be5+ Kg6 31. Bd4 Bc4 32. b5 Rb8 33. b6 Rdc8
34. Ra7 Re8 35. b7 Re7 36. c6 Rc7 37. Ra8 Rbxb7 38. cxb7 Rxb7 39. R1a7 Rb3 40.
Rg8+ Kf5 41. Rxf7+ Ke4 42. Re8+ Kd3 43. Rf2 Bb5 44. Rd8 Bc4 45. h3 g3 46. Rf3
h4 47. Bc3 Rb7 48. Re8 Ra7 49. e4+ Ke2 50. Rf1 Ke3 51. Re1+ Kf4 52. Rf8+ Kg5
53. e5 Re7 54. e6 d4 55. Bxd4 Bd5 56. Rf7 Re8 57. Rg7+ Kf4 58. e7 Rc8 59. e8=Q
Rc2 60. Qe5# 1-0

[Event "NK C Meisjes"]
[Site "Chess.com"]
[Date "2020.05.01"]
[Round "6"]
[White "Gergin, Isafara"]
[Black "Feng, Elysia"]
[Result "1-0"]
[WhiteElo "1304"]
[BlackElo "1285"]
[PlyCount "31"]
[EventDate "2020.??.??"]

1. e4 e5 2. Nf3 Nc6 3. Bc4 Bc5 4. b4 Bxb4 5. c3 Ba5 6. d4 exd4 7. Qb3 Qe7 8.
O-O Bxc3 9. Nxc3 dxc3 10. Qxc3 Nh6 11. Bxh6 Qf8 12. Bxg7 Qg8 13. Bxh8 d6 14.
Qg7 Qxg7 15. Bxg7 Na5 16. Bb3 1-0

[Event "NK C Meisjes"]
[Site "Chess.com"]
[Date "2020.05.01"]
[Round "6"]
[White "Damen, Josephine"]
[Black "Maris, Lauri"]
[Result "0-1"]
[WhiteElo "1198"]
[BlackElo "1682"]
[PlyCount "129"]
[EventDate "2020.??.??"]

1. e4 e5 2. Nf3 Nc6 3. Bc4 Bc5 4. d3 d6 5. Nc3 Bg4 6. h3 Bh5 7. Be3 Bd4 8. O-O
Nf6 9. Re1 Bxe3 10. fxe3 O-O 11. Rf1 Bxf3 12. Qxf3 Na5 13. Bb3 Nxb3 14. axb3 a6
15. Qg3 h6 16. Rf5 Kh7 17. Raf1 Rg8 18. Qh4 Qe7 19. R1f3 c6 20. Qf2 Rgf8 21.
Rg3 Rg8 22. d4 exd4 23. exd4 Raf8 24. Rgf3 Nxe4 25. Nxe4 Qxe4 26. Rxf7 Rxf7 27.
Rxf7 Rb8 28. Qf6 Qg6 29. Qf5 Qxf5 30. Rxf5 Kg6 31. Rf3 Re8 32. Rd3 Re2 33. c4
Rxb2 34. Rg3+ Kh7 35. h4 Rd2 36. Rg4 Rd3 37. b4 Rb3 38. d5 Rxb4 39. h5 cxd5 40.
Rg6 dxc4 41. Rxd6 c3 42. Rd3 c2 43. Rc3 Rb1+ 44. Kh2 b6 45. Rxc2 Rb5 46. g4 Rg5
47. Kh3 Rb5 48. Ra2 a5 49. Ra4 Rb4 50. Ra2 Rb3+ 51. Kh4 b5 52. Rxa5 b4 53. Rb5
Rb2 54. Rb6 b3 55. Rb5 Rb1 56. Rb4 b2 57. g5 Rh1+ 58. Kg4 b1=Q 59. g6+ Kh8 60.
Rd4 Rg1+ 61. Kf4 Qf1+ 62. Ke5 Qe2+ 63. Kd6 Rd1 64. Kc5 Rxd4 65. Kxd4 0-1

[Event "NK C Meisjes"]
[Site "Chess.com"]
[Date "2020.05.01"]
[Round "6"]
[White "Venema, Katja"]
[Black "Honkoop, Stella"]
[Result "1/2-1/2"]
[WhiteElo "1593"]
[BlackElo "1322"]
[PlyCount "99"]
[EventDate "2020.??.??"]

1. d4 Nf6 2. c4 g6 3. Nc3 Bg7 4. Bf4 d6 5. e3 O-O 6. Nf3 Nbd7 7. Bd3 Re8 8. O-O
e5 9. Bg5 c6 10. Ne4 Qc7 11. dxe5 dxe5 12. Nxf6+ Nxf6 13. Bxf6 Bxf6 14. e4 Be6
15. Qd2 Rad8 16. Qe3 b6 17. Rad1 Re7 18. Qh6 Red7 19. Be2 Rxd1 20. Rxd1 Rxd1+
21. Bxd1 Bxc4 22. Ng5 Bxg5 23. Qxg5 Qd6 24. Qc1 Qd3 25. Bc2 Qd4 26. b3 Bd3 27.
h3 c5 28. Bxd3 Qxd3 29. Qc4 Qb1+ 30. Kh2 Qxa2 31. f3 Qd2 32. Qa6 Qd7 33. Qc4
Qd4 34. Qa6 Qd7 35. Qc4 Qc7 36. b4 Qc6 37. b5 Qd7 38. Qa4 Qb7 39. Qc4 Qc7 40.
Kg3 Kg7 41. Kh2 f5 42. Kg3 Qe7 43. Kf2 Qh4+ 44. Kg1 Qe1+ 45. Kh2 f4 46. Qd5
Qg3+ 47. Kg1 Qe1+ 48. Kh2 Qg3+ 49. Kg1 Qe1+ 50. Kh2 1/2-1/2

[Event "NK C Meisjes"]
[Site "Chess.com"]
[Date "2020.05.01"]
[Round "6"]
[White "Ganeshram, Nirupa"]
[Black "Maris, Evi"]
[Result "1-0"]
[WhiteElo "1209"]
[BlackElo "1511"]
[PlyCount "125"]
[EventDate "2020.??.??"]

1. e4 e5 2. Nf3 Nc6 3. Bc4 Bc5 4. c3 Nf6 5. d3 O-O 6. Nbd2 d6 7. O-O Bg4 8. Re1
a6 9. Bb3 b5 10. Nf1 a5 11. Ng3 a4 12. Bc2 b4 13. h3 Be6 14. Bd2 bxc3 15. Bxc3
Ne7 16. Nh4 a3 17. b3 d5 18. exd5 Bxd5 19. Bxe5 c6 20. Bxf6 gxf6 21. Qg4+ Ng6
22. Nxg6 fxg6 23. Rad1 Qb6 24. d4 Bb4 25. Rf1 c5 26. dxc5 Qxc5 27. Be4 Rad8 28.
Bxd5+ Rxd5 29. Rxd5 Qxd5 30. Qxb4 f5 31. Qc4 Qxc4 32. bxc4 Rc8 33. Rc1 Kf7 34.
f4 Ke6 35. Nf1 Kf6 36. Ne3 h6 37. Kf2 g5 38. fxg5+ hxg5 39. c5 f4 40. Ng4+ Kf5
41. Kf3 Kg6 42. c6 Kf7 43. Ne5+ Ke6 44. Ke4 Kd6 45. Rc3 Ke6 46. Rxa3 g4 47.
hxg4 f3 48. gxf3 Kf6 49. Rc3 Ke6 50. f4 Kf6 51. g5+ Kg7 52. c7 Kf8 53. Kd5 Ke7
54. f5 Kf8 55. Kd6 Ke8 56. f6 Kf8 57. f7 Kg7 58. Kd7 Kf8 59. Kxc8 Ke7 60. Kb7
Kf8 61. c8=Q+ Kg7 62. f8=Q+ Kh7 63. Qg8# 1-0